[Event "Wch U16 Girls"]
[Site "Batumi"]
[Date "2006.10.25"]
[Round "7"]
[White "Ignacz, Maria"]
[Black "Makhatadze, Nazi"]
[Result "1-0"]
[WhiteElo "2288"]
[BlackElo "1935"]
[PlyCount "85"]
[EventDate "2006.10.19"]
[EventType "swiss"]
[EventRounds "13"]
[EventCountry "GEO"]
[SourceTitle "EXT 2007"]
[Source "ChessBase"]
[SourceDate "2006.11.23"]
[SourceVersion "1"]
[SourceVersionDate "2006.11.23"]
[SourceQuality "1"]

1. d4 d5 2. c4 c6 3. Nf3 Nf6 4. Qc2 g6 5. cxd5 cxd5 6. Nc3 Nc6 7. Bf4 Bg7 8. e3 0-0 9. Bb5 Bd7 10. 0-0 Rc8 11. h3 a6 12. Bxc6 Bxc6 13. Qb3 Ne4 14. Rac1 Qa5 15. a3 h6 16. Qa2 g5 17. Be5 Bxe5 18. Nxe5 Nd6 19. b4 Qd8 20. Nxd5 Nf5 21. Nxc6 bxc6 22. Nc3 Nh4 23. Qe2 Qd6 24. g3 Nf5 25. Ne4 Qe6 26. Qf3 Ng7 27. Kh2 f5 28. Nc5 Qg6 29. Nd7 Rfe8 30. Ne5 Qe6 31. Rxc6 Rxc6 32. Qxc6 Qb3 33. Qxa6 h5 34. Qc4+ Qxc4 35. Nxc4 Ra8 36. Ra1 Ne6 37. a4 Nc7 38. Ra3 Kf8 39. b5 Ke8 40. b6 Na6 41. Rb3 Rb8 42. Rb5 Rb7 43. Rxf5 1-0

[Event "Wch U16 Girls"]
[Site "Batumi"]
[Date "2006.10.25"]
[Round "8"]
[White "Makhatadze, Nazi"]
[Black "Butskhrikidze, Ana"]
[Result "1/2-1/2"]
[WhiteElo "1935"]
[BlackElo "2001"]
[PlyCount "108"]
[EventDate "2006.10.19"]
[EventType "swiss"]
[EventRounds "13"]
[EventCountry "GEO"]
[SourceTitle "EXT 2007"]
[Source "ChessBase"]
[SourceDate "2006.11.23"]
[SourceVersion "1"]
[SourceVersionDate "2006.11.23"]
[SourceQuality "1"]

1. e4 c5 2. Nc3 d6 3. g3 g6 4. Bg2 Bg7 5. d3 Nc6 6. f4 e5 7. Nh3 Nge7 8. 0-0 0-0 9. g4 f5 10. exf5 gxf5 11. gxf5 Bxf5 12. Ng5 h6 13. Nge4 Ng6 14. Qh5 exf4 15. Bxf4 Nxf4 16. Rxf4 Ne7 17. Raf1 Qd7 18. Ng3 Bg6 19. Qh4 Rxf4 20. Rxf4 Rf8 21. Rxf8+ Kxf8 22. Qf4+ Kg8 23. Nge4 Nf5 24. Nd5 Qe6 25. Qg4 Qf7 26. c3 Kf8 27. Nf4 Bh7 28. Nh5 Be5 29. Nhg3 Ne3 30. Qh4 Bf4 31. Qd8+ Kg7 32. Nxd6 Bxd6 33. Qxd6 Nxg2 34. Kxg2 Qxa2 35. Nh5+ Kg8 36. Qd8+ Kf7 37. Qf6+ Ke8 38. Qe5+ Kd8 39. Qd6+ Ke8 40. Nf6+ Kf7 41. Nxh7 Qxb2+ 42. Kg3 Qxc3 43. Qd5+ Kg6 44. Nf8+ Kg7 45. Ne6+ Kf6 46. Nxc5 Qe1+ 47. Kg2 Qe2+ 48. Kh3 Qf1+ 49. Kg3 Qe1+ 50. Kh3 Qf1+ 51. Kh4 Qf4+ 52. Kh3 Qf1+ 53. Kg3 Qe1+ 54. Kg2 Qe2+ 1/2-1/2